Preventivní role sociální politiky.

Úloha jednotlivých systémov sociálnej politiky. Nástroj sociálnej prevencie. Potreba pozornosti mladej generácii a postoje k sociálnym skupinám. Riziká sociálnej stratifikácie. Požiadavka posilnenia sociálnej aktivity v regiónoch. Problém chudoby a marginálnych skupín. Sociálna politika a sociálny z...

Descrizione completa

Salvato in:
Dettagli Bibliografici
Autore principale: Víšek, P.
Natura: Capitolo di libro
Lingua:ceco
Soggetti:
Tags: Aggiungi Tag
Nessun Tag, puoi essere il primo ad aggiungerne!!

MARC

LEADER 00000naa a2200000 4500
001 r013538
005 20221213083118.2
041 0 |a cze 
044 |a CZ 
245 1 0 |a Preventivní role sociální politiky.  |c P. Víšek 
520 |a Úloha jednotlivých systémov sociálnej politiky. Nástroj sociálnej prevencie. Potreba pozornosti mladej generácii a postoje k sociálnym skupinám. Riziká sociálnej stratifikácie. Požiadavka posilnenia sociálnej aktivity v regiónoch. Problém chudoby a marginálnych skupín. Sociálna politika a sociálny zmier. Význam úlohy rodiny. 
610 2 0 |a politika sociálna 
610 2 0 |a chudoba 
610 2 0 |a rodina 
610 2 0 |a prevencia 
610 2 0 |a starostlivosť sociálna 
100 1 |a Víšek, P.